000 00682nam a2200289Ia 4500
005 20260324133618.0
008 008 260324s9999 xx 000 0 eng d
020 _a9781315236865
037 _aEBOOK
040 _aCRL
040 _beng
040 _cCRL
041 _2eng
041 _aeng
084 _qCRL
100 _aPaul F. Crawford
_91193737
245 4 _aThe 'Templar of Tyre'
245 0 _bPart III of the 'Deeds of the Cypriots'
260 _bTaylor and Francis
260 _c2003
365 _a
365 _b230
856 _uhttp://www.taylorfrancis.com/books/9781315236865
942 _cEBOOK
999 _c1792974
_d1792974